A INTRODUCTION TO METALLIFEROUS MINING (Record no. 5399)

MARC details
000 -LEADER
fixed length control field 00278nam a22001217a 4500
005 - DATE AND TIME OF LATEST TRANSACTION
control field 20170401155732.0
008 - FIXED-LENGTH DATA ELEMENTS--GENERAL INFORMATION
fixed length control field 170401b xxu||||| |||| 00| 0 eng d
041 ## - LANGUAGE CODE
Language code of text/sound track or separate title eng
245 ## - TITLE STATEMENT
Title A INTRODUCTION TO METALLIFEROUS MINING
300 ## - PHYSICAL DESCRIPTION
Number of Pages 336
650 ## - SUBJECT ADDED ENTRY--TOPICAL TERM
Topical Term MINING
942 ## - ADDED ENTRY ELEMENTS (KOHA)
Koha item type Books
Holdings
Lost status Damaged status Collection code Home library Current library Shelving location Date acquired Source of acquisition Cost, normal purchase price Full call number Accession Number Koha item type
    MINING JRU Library JRU Library SHELF-100-D 13/06/2025 PURCHASE 250.00 622 21651 Books
    MINING JRU Library JRU Library SHELF-100-D 13/06/2025 PURCHASE 250.00 622 21652 Books
    Reference JRU Library JRU Library SHELF-7-E 31/01/2024 PURCHASE 250.00 622 21653 Books